Loading...
| Literature - British | 0 | 6 | 0 | 0 | 60 | 40 | 92.17 | 1 | 4 | 20.65 | 40.83 |
| Literature - European | 0 | 5 | 0 | 0 | 50 | 84 | 98.20 | 0 | 1 | 13.69 | 29.17 |
| Literature - World | 0 | 4 | 1 | 0 | 35 | 84 | 99.75 | 0 | 1 | 10.78 | 21.21 |
| Literature - American | 0 | 3 | 1 | 0 | 25 | 107 | 112.00 | 0 | 0 | 6.94 | 14.17 |
| Social Science | 0 | 1 | 0 | 0 | 10 | 71 | 71.00 | 0 | 0 | 3.55 | 3.33 |
| Mythology | 0 | 1 | 0 | 0 | 10 | 45 | 45.00 | 1 | 1 | 6.40 | 10.00 |
| Fine Arts - Classical Music | 0 | 1 | 1 | 0 | 5 | 92 | 92.00 | 0 | 0 | 2.40 | 7.50 |
| Fine Arts - Other | 0 | 1 | 1 | 0 | 5 | 59 | 59.00 | 1 | 1 | 5.69 | 10.00 |
| Science - Chemistry | 0 | 0 | 1 | 0 | -5 | 0.00 | 0 | 0 | 0.00 | 0.00 |